| 000 | 00334nam a2200121Ia 4500 | ||
|---|---|---|---|
| 005 | 20251222144912.0 | ||
| 008 | 251222s9999||||xx |||||||||||||| ||spa|| | ||
| 082 | _a027.009/A11 | ||
| 100 | _aAbanto Arrelucea, José Luis | ||
| 245 | 0 | _aUna vida dedicada a los archivos: | |
| 264 | _bAsociación de Archiveros Valencianos | ||
| 942 | _cLIB | ||
| 999 |
_c22398 _d22398 |
||